Ancient India
| Main Author: | Mahajan, Vidya Dhar |
|---|---|
| Published: |
New Delhi:
S. Chand & Co.,
1968.
|
| Edition: | 4th ed. |
| Subjects: |
| LEADER | 00492cam a2200157 7i4500 | ||
|---|---|---|---|
| 001 | 0000049392 | ||
| 005 | 20250106090000.0 | ||
| 090 | 0 | 0 | |a DS451 |b .M34 1968 |
| 100 | 1 | |a Mahajan, Vidya Dhar | |
| 245 | 1 | 0 | |a Ancient India |c by Vidya Dhar Mahajan. |
| 250 | |a 4th ed. | ||
| 260 | |a New Delhi: |b S. Chand & Co., |c 1968. | ||
| 300 | |a 683 p.: |b ill.; |c 22 cm. | ||
| 651 | 0 | |a India -- |x History | |
| 997 | |a AIDCOMM - Communication and Media, Faculty | ||
| 999 | |a ZARC002746 |b BOK |c OPEN SHELF |e Zainol Ahmad Resource Center | ||